000 00658nam a2200181Ia 4500
008 100920s9999 xx 000 0 und d
082 _b78923
_a24 न 01
100 _aदेवधर विजय.
245 _aहेरगिरीच्या थरारकथा.
260 _bनंदादीप बुक सर्व्हिसेस्र, सोलापूर.
_c2001
300 _a200
_bसाधी
365 _b150
520 _aसायो.
630 _aहेरगिरीच्या थरारकथा.
650 _aसायो.
730 _aहेरगिरीच्या थरारकथा.
942 _cBOOK
999 _c720047
_d720044